000 00596nam a2200241Ia 4500
003 OSt
005 20220924141324.0
006 a|||||r|||| 00| 0
007 ta
008 220923b |||||||| |||| 00| 0 ben d
020 _a8189742280 (hbk)
024 _a297925
037 _cTextual
040 _aARTS
_cARTS
_bben
041 _2ben
_aben
082 _aO157,3NDEx, P7
100 _aDeb Debabrata
_9212095
245 0 _aPitriwrin
260 _c2007
650 _aBENGALI LITERATURE
942 _hO157,3NDEx, P7
_cTEXL
_2CC
999 _c446953
_d446953